[Event "XII Festival"]
[Site "Varese ITA"]
[Date "2013.10.13"]
[Round "5"]
[White "Poletto, Daniele"]
[Black "Agnello, Francesco Claudio"]
[WhiteElo "1750"]
[BlackElo "1732"]
[Result "1/2-1/2"]
[PlyCount "84"]
[EventDate "2013.10.05"]

1. c4 e5 2. Nc3 Nf6 3. g3 c6 4. Nf3 d6 5. Bg2 Be6 6. d3 Be7 7. O-O O-O 8. a3
Qd7 9. Ng5 Na6 10. Nxe6 Qxe6 11. b4 d5 12. cxd5 cxd5 13. Qb3 Nc7 14. Bg5 Rfd8
15. Bxf6 Bxf6 16. Rac1 Rd7 17. e4 d4 18. Qxe6 fxe6 19. Ne2 Be7 20. Bh3 Bd6 21.
f4 g6 22. fxe5 Bxe5 23. Nf4 Bxf4 24. gxf4 Rg7 25. Kh1 Re8 26. Rc4 Rd8 27. Rfc1
Rdd7 28. f5 exf5 29. exf5 gxf5 30. Bxf5 Rdf7 31. Be4 Ne6 32. Bd5 Rg6 33. Bxe6
Rxe6 34. Rxd4 Ra6 35. Rg4+ Kf8 36. Rc3 Raf6 37. Rc8+ Ke7 38. Rc7+ Kd6 39. Rxf7
Rxf7 40. Kg2 Kc6 41. Kg3 Kb5 42. Rg5+ Kc6 1/2-1/2

[Event "XII Festival"]
[Site "Varese ITA"]
[Date "2013.10.18"]
[Round "6"]
[White "D'Aulisa, Francesco"]
[Black "Agnello, Francesco Claudio"]
[WhiteElo "1793"]
[BlackElo "1732"]
[Result "1/2-1/2"]
[PlyCount "60"]
[EventDate "2013.10.05"]

1. c4 e5 2. Nc3 Nf6 3. d4 exd4 4. Qxd4 Nc6 5. Qd1 Be7 6. Nf3 O-O 7. a3 d6 8. g3
Bf5 9. Bg2 Rb8 10. O-O Qd7 11. Bg5 h6 12. Bxf6 Bxf6 13. Rc1 Rfe8 14. Re1 Re7
15. Nd5 Bxb2 16. Nxe7+ Nxe7 17. e4 Bxc1 18. Qxc1 Bh3 19. Qd2 Bxg2 20. Kxg2 Qa4
21. e5 dxe5 22. Rxe5 Nc6 23. Qd7 Qxa3 24. Qxc7 Qf8 25. Rb5 Qe7 26. Qf4 Re8 27.
Qf5 Rd8 28. Rd5 g6 29. Rxd8+ Qxd8 30. Qb5 Qc7 1/2-1/2

[Event "XII Festival"]
[Site "Varese ITA"]
[Date "2013.10.12"]
[Round "6"]
[White "Pepa, Syrja"]
[Black "Brioschi, Camillo"]
[WhiteElo "1825"]
[BlackElo "1753"]
[Result "0-1"]
[PlyCount "39"]
[EventDate "2013.10.05"]

1. d4 Nf6 2. c4 e6 3. Nc3 Bb4 4. Qc2 O-O 5. a3 Bxc3+ 6. Qxc3 b6 7. Bg5 h6 8.
Bf4 Bb7 9. f3 d5 10. g4 Nbd7 11. h4 dxc4 12. Qxc4 Nd5 13. Bd2 e5 14. e4 Nf4 15.
O-O-O Ne6 16. d5 Nec5 17. Ne2 Ba6 18. Qc2 Nd3+ 19. Kb1 Nf2 20. Bg2 0-1

[Event "XII Festival"]
[Site "Varese ITA"]
[Date "2013.10.13"]
[Round "6"]
[White "Poletto, Daniele"]
[Black "Cervini, Gian Piero"]
[WhiteElo "1750"]
[BlackElo "1811"]
[Result "0-1"]
[PlyCount "52"]
[EventDate "2013.10.05"]

1. c4 e5 2. Nc3 d6 3. e4 f5 4. d3 Nf6 5. g3 Nc6 6. Bg2 g6 7. Nge2 Bg7 8. O-O
O-O 9. h3 Be6 10. Nd5 Qd7 11. Kh2 fxe4 12. dxe4 Rf7 13. b3 Raf8 14. Be3 a5 15.
Qd2 b6 16. Bh6 Bxh6 17. Qxh6 Bg4 18. Qd2 Bxe2 19. Qxe2 Nd4 20. Qd2 Nh5 21. f4
Nxg3 22. Rf2 Nh5 23. Raf1 c6 24. fxe5 dxe5 25. Rxf7 Rxf7 26. Nxb6 Nf3+ 0-1

[Event "X C.to Europeo a squadre femminile"]
[Site "Varsavia POL"]
[Date "2013.11.09"]
[Round "2.1"]
[White "Sedina, Elena"]
[Black "Mammadova, Gulnar Marfat Qizi"]
[WhiteElo "2302"]
[BlackElo "2354"]
[Result "1/2-1/2"]
[Annotator "ITA-AZE"]
[PlyCount "115"]
[EventDate "2013.11.08"]

1. e4 e6 2. d4 d5 3. e5 c5 4. c3 Ne7 5. Nf3 Nec6 6. Bd3 b6 7. O-O Ba6 8. Bxa6
Nxa6 9. Qa4 Nab8 10. c4 Qd7 11. dxc5 Nxe5 12. Qxd7+ Nbxd7 13. Nxe5 Nxe5 14.
cxd5 Bxc5 15. Nc3 O-O 16. dxe6 fxe6 17. Ne4 Bd4 18. Rd1 Rad8 19. h3 Rd5 20. Rb1
Nd7 21. b4 Rc8 22. Bf4 Rc4 23. Bg3 Nf6 24. Nxf6+ gxf6 25. Rd2 e5 26. Kf1 Rb5
27. a3 a5 28. f4 axb4 29. axb4 e4 30. Ke2 e3 31. Rd3 Rbxb4 32. Rxb4 Rxb4 33. f5
h5 34. Kf3 Bc5 35. Rd8+ Kf7 36. Bd6 Bxd6 37. Rxd6 Re4 38. Ke2 b5 39. g3 Re5 40.
g4 hxg4 41. hxg4 Re4 42. Rb6 b4 43. Rb8 Kg7 44. Rb6 Rxg4 45. Kxe3 Rc4 46. Kd3
Rh4 47. Ke3 Rh3+ 48. Kd4 b3 49. Ke4 Kf7 50. Kd5 Re3 51. Kd4 Re5 52. Rxb3 Rxf5
53. Ke4 Rf1 54. Ke3 Kg6 55. Rb5 Rh1 56. Kf4 Rh4+ 57. Kg3 Ra4 58. Kf3 1/2-1/2

[Event "X C.to Europeo a squadre femminile"]
[Site "Varsavia POL"]
[Date "2013.11.16"]
[Round "8.1"]
[White "Sedina, Elena"]
[Black "Zozulia, Anna"]
[WhiteElo "2302"]
[BlackElo "2334"]
[Result "1/2-1/2"]
[Annotator "ITA-BEL"]
[PlyCount "76"]
[EventDate "2013.11.08"]

1. e4 c5 2. Nf3 e6 3. c3 Nf6 4. e5 Nd5 5. d4 cxd4 6. cxd4 d6 7. Bc4 Nb6 8. Bd3
dxe5 9. dxe5 Na6 10. O-O Nc5 11. Be2 Qxd1 12. Rxd1 Nd5 13. Nd4 Bd7 14. Bf3 Bc6
15. Na3 Be7 16. Nxc6 bxc6 17. Be3 O-O 18. Rac1 Nxe3 19. fxe3 Rad8 20. Rxd8 Rxd8
21. Nc4 Nd3 22. Rd1 Nb4 23. a3 Rxd1+ 24. Bxd1 Nd5 25. Kf2 c5 26. Bf3 Nb6 27.
Nxb6 axb6 28. Bc6 Bd8 29. Kf3 Bc7 30. Ke4 Kf8 31. h3 Ke7 32. g4 h6 33. b3 Bb8
34. Bb5 Bc7 35. Bc6 Bb8 36. Bb5 Bc7 37. Bc6 Bb8 38. Bb5 Bc7 1/2-1/2

[Event "X C.to Europeo a squadre femminile"]
[Site "Varsavia POL"]
[Date "2013.11.16"]
[Round "8.2"]
[White "Goossens, Hanne"]
[Black "Zimina, Olga"]
[WhiteElo "2069"]
[BlackElo "2338"]
[Result "0-1"]
[Annotator "ITA-BEL"]
[PlyCount "96"]
[EventDate "2013.11.08"]

1. e4 c6 2. d4 d5 3. Nc3 dxe4 4. Nxe4 Bf5 5. Ng3 Bg6 6. Nf3 Nd7 7. h4 h6 8. h5
Bh7 9. Bd3 Bxd3 10. Qxd3 e6 11. Bd2 Qc7 12. Ne4 O-O-O 13. O-O-O c5 14. dxc5
Nxc5 15. Qc4 Nxe4 16. Qxe4 Nf6 17. Qa4 Bc5 18. Bf4 Qe7 19. Ne5 Nd5 20. Bg3 Rd6
21. Nd3 Rc6 22. Nxc5 Qxc5 23. Rd2 Rd8 24. Be5 Ra6 25. Qb3 f6 26. Bd4 Qa5 27. a3
Rc6 28. Rhd1 Rd7 29. Kb1 Rdc7 30. Be3 b6 31. Rd4 Qa6 32. Rxd5 exd5 33. Qxd5 Qc4
34. Qd8+ Kb7 35. Rd2 Qe4 36. Rd4 Qxc2+ 37. Ka2 Rc8 38. Qd5 a5 39. Bf4 Qc5 40.
Qe4 Ka6 41. a4 Qc2 42. Qd5 Rc5 43. Qd7 Qxf2 44. Bd2 Qxg2 45. Qf7 Qb7 46. Qb3
Qc6 47. Bf4 Rc4 48. Rd6 Qxa4+ 0-1

[Event "X C.to Europeo a squadre femminile"]
[Site "Varsavia POL"]
[Date "2013.11.17"]
[Round "9.1"]
[White "Sedina, Elena"]
[Black "Manakova, Maria"]
[WhiteElo "2302"]
[BlackElo "2324"]
[Result "1-0"]
[Annotator "ITA-SRB"]
[PlyCount "75"]
[EventDate "2013.11.08"]

1. e4 c5 2. Nf3 Nc6 3. Bb5 e6 4. O-O Nge7 5. Nc3 a6 6. Bxc6 Nxc6 7. d4 cxd4 8.
Nxd4 d6 9. Re1 Be7 10. Nxc6 bxc6 11. Qg4 Bf6 12. e5 h5 13. Qg3 dxe5 14. Ne4 O-O
15. Bh6 Qe7 16. Rad1 Re8 17. Be3 Bh4 18. Qxe5 f5 19. Bc5 Bf6 20. Qg3 Qf7 21.
Nd6 Qd7 22. Nxe8 Qxe8 23. Bd4 h4 24. Qc3 Be7 25. Bxg7 Rb8 26. Bf6 Bb4 27. Qe5
Rb5 28. Qf4 Qg6 29. Rd8+ Kf7 30. Bc3 h3 31. g3 e5 32. Qc4+ Qe6 33. Qh4 Be7 34.
Qh7+ Kf6 35. Qh8+ Kf7 36. Qh7+ Kf6 37. Rg8 Qf7 38. Qh6+ 1-0

[Event "X C.to Europeo a squadre femminile"]
[Site "Varsavia POL"]
[Date "2013.11.17"]
[Round "9.2"]
[White "Vojinovic, Jovana"]
[Black "Zimina, Olga"]
[WhiteElo "2352"]
[BlackElo "2338"]
[Result "1/2-1/2"]
[Annotator "ITA-SRB"]
[PlyCount "58"]
[EventDate "2013.11.08"]

1. d4 d5 2. c4 c6 3. cxd5 cxd5 4. Bf4 Nc6 5. Nc3 Nf6 6. e3 Bf5 7. Qb3 Na5 8.
Qa4+ Bd7 9. Bb5 Nc6 10. Qd1 e6 11. Nf3 Be7 12. h3 Ne4 13. O-O Qa5 14. Bxc6 Bxc6
15. Ne5 Nxc3 16. Nxc6 Qa6 17. bxc3 Qxc6 18. Qb3 O-O 19. Rfb1 b6 20. a4 Rfc8 21.
a5 Bd8 22. axb6 axb6 23. Rc1 h6 24. Qb4 Kh7 25. Rxa8 Rxa8 26. Qf8 Kg6 27. Qb4
Kh7 28. Qf8 Kg6 29. Qb4 Kh7 1/2-1/2

[Event "C.to Mondiale U10"]
[Site "Al Ain UAE"]
[Date "2013.12.19"]
[Round "2"]
[White "Guo, Thomas"]
[Black "Bin-Suhayl, Ieysaa"]
[WhiteElo "1760"]
[BlackElo "1520"]
[Result "1-0"]
[PlyCount "101"]
[EventDate "2013.12.18"]

1. e4 c5 2. Nf3 d6 3. d4 Nf6 4. Nc3 cxd4 5. Nxd4 g6 6. Be3 Bg7 7. Bc4 Nc6 8. f3
Bd7 9. Qd2 Rc8 10. Bb3 h5 11. O-O-O Ne5 12. h4 Nc4 13. Bxc4 Rxc4 14. Rdg1 a6
15. Qe2 b5 16. Nb3 Qc7 17. Nd2 Rc6 18. Nf1 Qa5 19. a3 b4 20. Nb1 bxa3 21. Nxa3
Qb4 22. Bd2 Qb7 23. Bc3 O-O 24. g4 Rb8 25. Kd1 hxg4 26. fxg4 Bxg4 27. Rxg4 Nxg4
28. Qxg4 Bxc3 29. bxc3 Rxc3 30. h5 Qc8 31. Qg5 Qe6 32. hxg6 Qxg6 33. Qh4 Kf8
34. Qh8+ Qg8 35. Qxc3 Qg4+ 36. Kc1 Qf4+ 37. Nd2 Qe5 38. Rh8+ Kg7 39. Qxe5+ dxe5
40. Rxb8 f5 41. exf5 e6 42. fxe6 Kf6 43. Re8 e4 44. Nxe4+ Kg7 45. e7 a5 46. Ra8
a4 47. e8=Q Kh6 48. Ra6+ Kg7 49. Qg6+ Kf8 50. Qh7 Ke8 51. Ra8# 1-0

[Event "C.to Mondiale U10"]
[Site "Al Ain UAE"]
[Date "2013.12.20"]
[Round "3"]
[White "Bin-Suhayl, Ieysaa"]
[Black "Willathgamuwa, Kevin"]
[WhiteElo "1520"]
[BlackElo "1799"]
[Result "0-1"]
[PlyCount "144"]
[EventDate "2013.12.18"]

1. e4 e6 2. d4 d5 3. exd5 exd5 4. c4 Nf6 5. Nc3 Bb4 6. Bg5 O-O 7. cxd5 Qe8+ 8.
Be2 Nxd5 9. Bd2 Be6 10. Nf3 Nd7 11. O-O N7b6 12. a3 Bxc3 13. bxc3 Qa4 14. c4
Nf6 15. Bb4 Rfe8 16. d5 Bf5 17. Nd4 Bg6 18. Qxa4 Nxa4 19. Rfd1 Ne4 20. f3 Nec3
21. Bxc3 Nxc3 22. Rd2 Nxe2+ 23. Nxe2 Re3 24. Kf2 Rae8 25. Nf4 Rc3 26. Rd4 Bf5
27. g4 Bc8 28. Ne2 Rc2 29. Re1 h6 30. h4 b6 31. d6 cxd6 32. Rxd6 Ba6 33. Rd3
Bxc4 34. Re3 Rxe3 35. Kxe3 Rxe2+ 36. Rxe2 Bxe2 37. Kxe2 Kf8 38. Kd3 Ke7 39. Kc4
Kd6 40. Kb5 Kc7 41. Ka6 Kb8 42. h5 f6 43. a4 Ka8 44. f4 Kb8 45. Kb5 Kb7 46. Kc4
Kc6 47. Kd4 Kd6 48. Ke4 Ke6 49. Kd4 a6 50. Kc4 Kd6 51. f5 Kc6 52. Kb4 Kd5 53.
a5 bxa5+ 54. Kxa5 Ke4 55. Kxa6 Kf4 56. Kb5 Kxg4 57. Kc4 Kxf5 58. Kd3 Kg4 59.
Ke2 f5 60. Kf2 Kf4 61. Kf1 Kg3 62. Kg1 f4 63. Kf1 Kf3 64. Kg1 Ke2 65. Kh2 f3
66. Kh3 f2 67. Kh2 f1=Q 68. Kg3 Qf3+ 69. Kh4 Qf4+ 70. Kh3 Qg5 71. Kh2 Kf2 72.
Kh1 Qh4# 0-1

[Event "C.to Mondiale U10"]
[Site "Al Ain UAE"]
[Date "2013.12.21"]
[Round "4"]
[White "Ezizov, Muhammet"]
[Black "Bin-Suhayl, Ieysaa"]
[WhiteElo "1746"]
[BlackElo "1520"]
[Result "1/2-1/2"]
[PlyCount "144"]
[EventDate "2013.12.18"]

1. e4 c5 2. Nc3 Nc6 3. g3 g6 4. Bg2 Bg7 5. Nge2 e6 6. O-O Nge7 7. d3 d5 8. Nf4
d4 9. Nce2 O-O 10. Nh3 e5 11. f4 f5 12. Nf2 Rb8 13. Bd2 b5 14. fxe5 Nxe5 15.
Bf4 Rb6 16. Qd2 N7c6 17. Bg5 Qd6 18. exf5 Bxf5 19. Ne4 Bxe4 20. Bxe4 Rxf1+ 21.
Rxf1 Rb8 22. Bf4 Rf8 23. Rf2 Qf6 24. Nc1 Ng4 25. Rf3 Nce5 26. Bxe5 Qxe5 27. Qe2
Ne3 28. Nb3 c4 29. Nd2 cxd3 30. Bxd3 Rxf3 31. Nxf3 Qc5 32. Kh1 Qc6 33. Kg1 Qc5
34. Nd2 a6 35. Ne4 Qb4 36. c3 Qe7 37. c4 bxc4 38. Bxc4+ Nxc4 39. Qxc4+ Kh8 40.
Qxa6 d3 41. Qxd3 Bxb2 42. Nf2 Qa7 43. Qb3 Bd4 44. Qc2 Kg7 45. Kg2 Bxf2 46. Qxf2
Qb7+ 47. Kh3 Qd7+ 48. g4 Qd3+ 49. Kg2 Qe4+ 50. Kg3 Qd3+ 51. Qf3 Qd6+ 52. Kh3
Qa6 53. a3 Qb5 54. Qe3 Qf1+ 55. Kg3 Qa6 56. Qe7+ Kg8 57. Qd8+ Kg7 58. Qd4+ Kg8
59. Qe3 Qd6+ 60. Kg2 Qc6+ 61. Kf2 Qf6+ 62. Qf3 Qb6+ 63. Kg2 Qa6 64. h4 Qd6 65.
h5 Qd2+ 66. Kh3 Kg7 67. a4 Qa5 68. Qb7+ Kf8 69. Qxh7 Qc3+ 70. Kg2 Qc6+ 71. Kf2
Qf6+ 72. Ke3 Qe5+ 1/2-1/2

[Event "C.to Mondiale U10"]
[Site "Al Ain UAE"]
[Date "2013.12.22"]
[Round "6"]
[White "Gucaga, Augustas"]
[Black "Bin-Suhayl, Ieysaa"]
[WhiteElo "1556"]
[BlackElo "1520"]
[Result "1-0"]
[PlyCount "113"]
[EventDate "2013.12.18"]

1. f4 c5 2. Nf3 d6 3. g3 Nf6 4. Bg2 g6 5. O-O Bg7 6. d3 Nc6 7. e4 Bg4 8. h3
Bxf3 9. Qxf3 O-O 10. c3 Qb6 11. Kh2 Rad8 12. Na3 Qc7 13. g4 e6 14. Qe2 Nd7 15.
h4 f5 16. g5 Nb6 17. h5 e5 18. hxg6 hxg6 19. exf5 Rxf5 20. Be4 Rdf8 21. Bxf5
Rxf5 22. Kg3 Qf7 23. Nc4 exf4+ 24. Bxf4 Nxc4 25. dxc4 Rxf4 26. Rxf4 Be5 27.
Qxe5 Nxe5 28. Rxf7 Kxf7 29. Rh1 Kg8 30. b3 a6 31. Rd1 Nf7 32. Kf4 b5 33. cxb5
axb5 34. Rd5 Kf8 35. b4 cxb4 36. cxb4 Ke7 37. Rxb5 Kd8 38. a4 Kc7 39. Ke4 Kc6
40. Rd5 Ne5 41. Rxe5 dxe5 42. Kxe5 Kb7 43. Kf6 Kc6 44. Kxg6 Kb6 45. Kf7 Ka6 46.
g6 Kb6 47. g7 Ka6 48. g8=Q Kb6 49. Qg6+ Ka7 50. b5 Kb7 51. Qc6+ Ka7 52. Qc7+
Ka8 53. Qc6+ Ka7 54. a5 Kb8 55. Qd7 Ka8 56. a6 Kb8 57. Qb7# 1-0

[Event "C.to Mondiale U10"]
[Site "Al Ain UAE"]
[Date "2013.12.24"]
[Round "8"]
[White "Cohen, Shoam"]
[Black "Bin-Suhayl, Ieysaa"]
[WhiteElo "1595"]
[BlackElo "1520"]
[Result "0-1"]
[PlyCount "132"]
[EventDate "2013.12.18"]

1. e4 c5 2. Nc3 Nc6 3. g3 g6 4. Bg2 Bg7 5. Nge2 e6 6. O-O Nge7 7. d3 O-O 8. Nf4
b6 9. Be3 Bb7 10. Qd2 Ne5 11. Nfe2 Ng4 12. Bg5 f6 13. Be3 Nxe3 14. Qxe3 f5 15.
e5 Bxg2 16. Kxg2 d6 17. Nf4 Kf7 18. exd6 Qxd6 19. Rfe1 e5 20. Nh3 Nd5 21. Nxd5
Qxd5+ 22. Kg1 Rfe8 23. Rab1 Kg8 24. a3 e4 25. Nf4 Qa2 26. Qc1 exd3 27. Nxd3 Qd5
28. Nf4 Qc6 29. c3 Bh6 30. Qd2 Rad8 31. Rxe8+ Qxe8 32. Qc2 Bxf4 33. gxf4 Qe6
34. Rd1 Re8 35. Qd3 Qe4 36. Qxe4 Rxe4 37. Rd8+ Kf7 38. Rd7+ Re7 39. Rd3 Re1+
40. Kg2 Rb1 41. Rd7+ Kg8 42. Rd8+ Kg7 43. Rd7+ Kh6 44. Rd2 Kh5 45. f3 Ra1 46.
Rd7 Kh6 47. Rd2 Ra2 48. Kg3 a5 49. c4 a4 50. Rc2 Ra1 51. Rd2 Rg1+ 52. Kf2 Rc1
53. Ke3 Rxc4 54. Rd6 b5 55. Rb6 b4 56. axb4 Rxb4 57. Ra6 Rb3+ 58. Kf2 Rxb2+ 59.
Kg3 Rb4 60. Rc6 c4 61. h4 a3 62. Ra6 Rb3 63. Rc6 c3 64. Ra6 c2 65. Rc6 Rb2 66.
Ra6 a2 0-1

[Event "C.to Mondiale U10"]
[Site "Al Ain UAE"]
[Date "2013.12.26"]
[Round "9"]
[White "Bin-Suhayl, Ieysaa"]
[Black "Golding, Alex"]
[WhiteElo "1520"]
[BlackElo "1690"]
[Result "1-0"]
[PlyCount "77"]
[EventDate "2013.12.18"]

1. e4 c5 2. d4 cxd4 3. c3 dxc3 4. Nxc3 Nc6 5. Bc4 d6 6. Nf3 e6 7. O-O Be7 8.
Qe2 Nf6 9. Rd1 e5 10. h3 O-O 11. Be3 Be6 12. Bb5 Qc7 13. Rac1 a6 14. Ba4 Qa5
15. a3 b5 16. b4 Qd8 17. Bc2 Ne8 18. a4 Nxb4 19. Nxe5 Qc7 20. Nd5 Bxd5 21. exd5
dxe5 22. Bxh7+ Kxh7 23. Rxc7 Nxc7 24. d6 Bxd6 25. Rxd6 Rfd8 26. Rxd8 Rxd8 27.
Qg4 Ncd5 28. Qh4+ Kg6 29. Qxd8 bxa4 30. Qg5+ Kh7 31. Bc5 f6 32. Qh4+ Kg6 33.
Bxb4 Nf4 34. Qg4+ Kh7 35. Bf8 g5 36. Qd7+ Kg6 37. g4 Nh5 38. gxh5+ Kxh5 39.
Qh7# 1-0

[Event "C.to Mondiale U10"]
[Site "Al Ain UAE"]
[Date "2013.12.27"]
[Round "10"]
[White "Maache, Jawad"]
[Black "Bin-Suhayl, Ieysaa"]
[WhiteElo "1687"]
[BlackElo "1520"]
[Result "1-0"]
[PlyCount "51"]
[EventDate "2013.12.18"]

1. d4 Nf6 2. c4 c5 3. d5 e6 4. Nc3 exd5 5. cxd5 d6 6. e4 g6 7. f3 Bg7 8. Be3 a6
9. a4 O-O 10. Nge2 Ne8 11. Ng3 f5 12. exf5 Bxf5 13. Nxf5 Rxf5 14. Bd3 Re5 15.
Ne4 Kh8 16. Qb3 Qa5+ 17. Bd2 Qc7 18. Bc3 Re7 19. O-O Nd7 20. Ng5 Ne5 21. Be4
Qc8 22. Ne6 Nd7 23. Qc2 Ndf6 24. Rae1 Nxe4 25. fxe4 Bxc3 26. Rf8# 1-0

[Event "C.to Mondiale U10"]
[Site "Al Ain UAE"]
[Date "2013.12.28"]
[Round "11"]
[White "Bin-Suhayl, Ieysaa"]
[Black "Huynh, Laurent"]
[WhiteElo "1520"]
[BlackElo "1708"]
[Result "1/2-1/2"]
[PlyCount "82"]
[EventDate "2013.12.18"]

1. e4 c5 2. d4 cxd4 3. c3 d3 4. Bxd3 Nc6 5. Nf3 d6 6. O-O Nf6 7. Qe2 g6 8. Rd1
Bg4 9. h3 Bd7 10. Bf4 Bg7 11. Na3 O-O 12. Rd2 Qc8 13. Rad1 Ne8 14. Bc2 Nc7 15.
e5 d5 16. c4 e6 17. cxd5 Nxd5 18. Bh2 Bh6 19. Rd3 Ncb4 20. Rd4 Nxc2 21. Nxc2
Bc6 22. Nb4 Nxb4 23. Rxb4 Rd8 24. Rh4 Rxd1+ 25. Qxd1 Bxf3 26. gxf3 Bg5 27. Rg4
Qc1 28. Qxc1 Bxc1 29. Rb4 b6 30. Bf4 Bxf4 31. Rxf4 Rd8 32. Ra4 Rd7 33. b4 Kf8
34. b5 Rc7 35. Kg2 Ke7 36. Kg3 f6 37. Rh4 h5 38. exf6+ Kxf6 39. a4 e5 40. Rb4
Rc5 41. f4 Kf5 1/2-1/2

[Event "C.to Mondiale U12 femminile"]
[Site "Al Ain UAE"]
[Date "2013.12.19"]
[Round "2"]
[White "Palma, Maria"]
[Black "Kalaiyalahan, Akshaya"]
[WhiteElo "1710"]
[BlackElo "1955"]
[Result "0-1"]
[PlyCount "124"]
[EventDate "2013.12.18"]

1. e4 c5 2. Nf3 Nc6 3. Bb5 g6 4. O-O Bg7 5. Re1 Nf6 6. Nc3 a6 7. Bxc6 dxc6 8.
e5 Nd5 9. Ne4 b6 10. h3 O-O 11. d3 Nc7 12. Bf4 Ne6 13. Bh2 a5 14. Qd2 Nd4 15.
Nxd4 cxd4 16. Bf4 Re8 17. Ng5 h6 18. Ne4 Kh7 19. Bh2 Be6 20. f4 f5 21. exf6
exf6 22. Qf2 f5 23. Nd2 c5 24. Nf3 b5 25. Ne5 Bd5 26. Qg3 Bxe5 27. Rxe5 Rxe5
28. fxe5 Ra6 29. a3 Qe7 30. Qf4 Qb7 31. Qd2 Be6 32. c3 Qd5 33. Qc2 c4 34. dxc4
Qxc4 35. Rd1 Rc6 36. Rc1 d3 37. Qd2 Rc7 38. Kh1 Qd5 39. Re1 Rc4 40. Bg1 f4 41.
Kh2 Re4 42. Bd4 Bd7 43. Rxe4 Qxe4 44. Kg1 Be6 45. Kf2 Bd5 46. Kf1 Qxg2+ 47.
Qxg2 Bxg2+ 48. Ke1 Bxh3 49. b3 Be6 50. Kd2 Bxb3 51. Kxd3 Bd5 52. Ke2 Kg8 53.
Kf2 Kf7 54. Kg1 Ke6 55. Kf2 Kf5 56. Ke2 a4 57. Kf2 h5 58. Ke2 g5 59. Kf2 g4 60.
Ke2 h4 61. Kf2 g3+ 62. Kf1 h3 0-1

[Event "C.to Mondiale U12 femminile"]
[Site "Al Ain UAE"]
[Date "2013.12.20"]
[Round "3"]
[White "Imperor, Amelie"]
[Black "Palma, Maria"]
[WhiteElo "1501"]
[BlackElo "1710"]
[Result "0-1"]
[PlyCount "112"]
[EventDate "2013.12.18"]

1. e4 e5 2. Bc4 Nc6 3. Nc3 Nf6 4. d3 h6 5. f4 Bc5 6. h3 d6 7. Nf3 Nh5 8. Ne2
exf4 9. d4 Bb6 10. Bxf4 Nxf4 11. Nxf4 Nxd4 12. Bxf7+ Kxf7 13. Nxd4 Qh4+ 14. Ke2
g5 15. g3 Qxg3 16. Nh5 Qe5 17. Rf1+ Ke7 18. Ke3 Bxd4+ 19. Qxd4 Qxd4+ 20. Kxd4
Bxh3 21. Rh1 Bg4 22. Rag1 Bxh5 23. Rxh5 Rag8 24. e5 dxe5+ 25. Kxe5 Kf7 26. Kf5
Rd8 27. Rg2 Rdf8 28. Re2 Kg7+ 29. Kg4 Rf4+ 30. Kg3 Rhf8 31. Reh2 Rf3+ 32. Kg2
Rf2+ 33. Kg3 Rxh2 34. Rxh2 Kg6 35. Re2 h5 36. Re7 Rf7 37. Re6+ Kf5 38. Rh6 h4+
39. Kh3 Re7 40. Rh8 Re3+ 41. Kg2 Kg4 42. Kf2 Rf3+ 43. Ke2 h3 44. c4 Kg3 45. Rh5
g4 46. b4 h2 47. a4 Kg2 48. c5 h1=Q 49. Rxh1 Kxh1 50. b5 Ra3 51. c6 bxc6 52.
bxc6 g3 53. a5 g2 54. a6 g1=Q 55. Kd2 Qg2+ 56. Kd1 Ra1# 0-1

[Event "C.to Mondiale U12 femminile"]
[Site "Al Ain UAE"]
[Date "2013.12.21"]
[Round "5"]
[White "Trakru, Priya"]
[Black "Palma, Maria"]
[WhiteElo "1566"]
[BlackElo "1710"]
[Result "1/2-1/2"]
[PlyCount "45"]
[EventDate "2013.12.18"]

1. e4 e5 2. Nf3 Nc6 3. Nc3 Nf6 4. d4 exd4 5. Nxd4 Bc5 6. Be3 Bb6 7. g3 d6 8. h3
Qe7 9. Bg2 Ba5 10. Nxc6 bxc6 11. e5 Nd7 12. exd6 cxd6 13. Bxc6 Rb8 14. Qd5 Bb6
15. O-O Bxe3 16. Rae1 O-O 17. Rxe3 Qf6 18. Ne4 Qxb2 19. Qxd6 Rb6 20. Rb3 Rxb3
21. cxb3 Nb6 22. Kg2 Qxa2 23. Nc5 1/2-1/2

[Event "C.to Mondiale U12 femminile"]
[Site "Al Ain UAE"]
[Date "2013.12.22"]
[Round "6"]
[White "Palma, Maria"]
[Black "Markocic, Spela"]
[WhiteElo "1710"]
[BlackElo "1577"]
[Result "0-1"]
[PlyCount "68"]
[EventDate "2013.12.18"]

1. e4 c5 2. Nf3 Nc6 3. Bb5 g6 4. O-O Bg7 5. Re1 e5 6. d3 Nge7 7. Nc3 O-O 8. Bc4
d6 9. Nd2 Kh8 10. Nf1 f5 11. Ne3 Nd4 12. Ned5 f4 13. f3 Nxd5 14. Nxd5 Qh4 15.
c3 Nc2 16. Re2 Nxa1 17. Bd2 Bd7 18. Qxa1 b5 19. Bb3 Rac8 20. c4 b4 21. Qe1 Qd8
22. Qf2 Bc6 23. Be1 Bxd5 24. cxd5 Qd7 25. Bc4 Bf6 26. Bb3 a5 27. Bc4 a4 28. Kf1
g5 29. Kg1 g4 30. Kf1 Rg8 31. Bd2 Rg6 32. Ke1 Rcg8 33. Kd1 gxf3 34. Qxf3 Qg7
0-1

[Event "C.to Mondiale U12 femminile"]
[Site "Al Ain UAE"]
[Date "2013.12.23"]
[Round "7"]
[White "Ranasinghe, Shalini"]
[Black "Palma, Maria"]
[WhiteElo "1362"]
[BlackElo "1710"]
[Result "1-0"]
[PlyCount "85"]
[EventDate "2013.12.18"]

1. c4 e5 2. Nc3 Nf6 3. g3 Bb4 4. e3 Nc6 5. Nge2 d6 6. Bg2 O-O 7. O-O Bg4 8. f3
Bf5 9. d4 Re8 10. d5 Nb8 11. g4 Bg6 12. e4 Bxc3 13. Nxc3 Na6 14. h4 h6 15. Rf2
Nd7 16. h5 Bh7 17. Bf1 Ndc5 18. Rh2 c6 19. Qe1 Nb4 20. Qg3 Qa5 21. g5 hxg5 22.
Bxg5 Qb6 23. Kh1 Kf8 24. Rg2 Qc7 25. Be2 f6 26. Bxf6 gxf6 27. Rag1 Ke7 28. Qg7+
Kd8 29. Qxc7+ Kxc7 30. Rg7+ Kb6 31. Rxh7 Rh8 32. Rgg7 Rxh7 33. Rxh7 Nbd3 34.
Bxd3 Nxd3 35. b3 Rd8 36. h6 Ne1 37. Rf7 Nxf3 38. Rxf6 Ng5 39. Rg6 Nf7 40. h7
Rh8 41. Rg7 Nh6 42. Kh2 Rf8 43. Kg3 1-0

[Event "C.to Mondiale U12 femminile"]
[Site "Al Ain UAE"]
[Date "2013.12.26"]
[Round "9"]
[White "Henderson De La Fuente, Andrea"]
[Black "Palma, Maria"]
[WhiteElo "1420"]
[BlackElo "1710"]
[Result "1/2-1/2"]
[PlyCount "54"]
[EventDate "2013.12.18"]

1. e4 e5 2. Nf3 Nc6 3. Bb5 Bc5 4. O-O Qf6 5. c3 Nge7 6. Re1 O-O 7. d4 exd4 8.
e5 Qg6 9. cxd4 Bb4 10. Nbd2 d5 11. Nh4 Qg4 12. Qxg4 Bxg4 13. h3 Nxd4 14. hxg4
Nxb5 15. a3 Nd4 16. axb4 Nc2 17. Ndf3 Rfe8 18. Bd2 Nxa1 19. Rxa1 c6 20. Re1 b6
21. Nf5 Nxf5 22. gxf5 c5 23. Rc1 Rac8 24. Ra1 Rc7 25. Rc1 Rec8 26. bxc5 bxc5
27. Re1 h6 1/2-1/2

[Event "C.to Mondiale U12 femminile"]
[Site "Al Ain UAE"]
[Date "2013.12.27"]
[Round "10"]
[White "Palma, Maria"]
[Black "Jayasundara, Mihisha Anjali"]
[WhiteElo "1710"]
[BlackElo "1357"]
[Result "1-0"]
[PlyCount "115"]
[EventDate "2013.12.18"]

1. e4 c5 2. Nf3 Nc6 3. Bb5 g6 4. O-O Bg7 5. Re1 e5 6. c3 Nge7 7. Na3 a6 8. Bxc6
Nxc6 9. Nc2 Qb6 10. Ne3 d6 11. Nd5 Qd8 12. d3 O-O 13. Bg5 f6 14. Be3 Ne7 15.
Qb3 Kh8 16. Nb6 Rb8 17. Nxc8 Qxc8 18. d4 c4 19. Qb4 Qc7 20. Rad1 b5 21. dxe5
dxe5 22. Bc5 Rbe8 23. Rd6 Nc6 24. Qa3 Ra8 25. Rd5 Rfd8 26. Red1 Rxd5 27. Rxd5
a5 28. Bd6 Qb7 29. Qc5 Na7 30. Qc7 Qxc7 31. Bxc7 a4 32. Bb6 Bf8 33. Bxa7 Rxa7
34. Rxb5 a3 35. Kf1 Kg7 36. Nd2 Rc7 37. Ke2 Kf7 38. b3 cxb3 39. Rxb3 Ke6 40.
Rb6+ Kf7 41. c4 f5 42. Nf3 Re7 43. Ng5+ Kg8 44. exf5 gxf5 45. c5 Rg7 46. Ne6
Rf7 47. Rb8 h6 48. c6 Rf6 49. Rxf8+ Rxf8 50. Nxf8 Kxf8 51. c7 Ke7 52. c8=Q f4
53. Kd3 h5 54. Ke4 h4 55. Kxe5 h3 56. Qc7+ Kf8 57. Kf6 hxg2 58. Qc8# 1-0

[Event "C.to Mondiale U12 femminile"]
[Site "Al Ain UAE"]
[Date "2013.12.28"]
[Round "11"]
[White "Sivarajasingam, Shayanna"]
[Black "Palma, Maria"]
[WhiteElo "1444"]
[BlackElo "1710"]
[Result "1/2-1/2"]
[PlyCount "49"]
[EventDate "2013.12.18"]

1. e4 e5 2. Nf3 Nc6 3. Nc3 Nf6 4. d4 exd4 5. Nxd4 Bc5 6. Be3 Bb6 7. Nxc6 bxc6
8. Bxb6 axb6 9. Bd3 Qe7 10. O-O O-O 11. Kh1 Qb4 12. Rb1 Re8 13. a3 Qc5 14. f4
d6 15. Qf3 Ng4 16. Rbe1 Qh5 17. h3 Nf6 18. Qxh5 Nxh5 19. Kh2 Ba6 20. Bxa6 Rxa6
21. Re2 Ra5 22. g4 Nf6 23. Rfe1 Nd7 24. Kg3 f6 25. h4 1/2-1/2